| 000 | 02944nam0a2200361 4500 | ||
|---|---|---|---|
| 001 | RU\NLR\BIBL_A\011955806 | ||
| 005 | 20210830171433.0 | ||
| 010 |
_a978-5-9704-5008-6 _91000 |
||
| 021 |
_aRU _bКН-П-19-007507 _9КН-П-19-0561 |
||
| 035 | _a(NLR Aleph) 011955806 | ||
| 035 | _a(RuMoRGB)009892025 | ||
| 090 |
_a11174969 _c11174969 |
||
| 100 | _a20190307d2019 u y0rusy50 ca | ||
| 101 | 0 | _arus | |
| 102 | _aRU | ||
| 105 | _aa|||j|||001zy | ||
| 200 | 1 |
_aБиохимия с упражнениями и задачами _eучебник для вузов _eдля использования в образовательных учреждениях, реализующих основные профессиональные образовательные программы высшего образования по направлению подготовки специалитета по специальности 31.05.03 "Стоматология" _f[Глухов Александр Иванович, доктор биол. наук, проф., Северин Евгений Сергеевич, доктор хим. наук, член-кор. РАН, проф., Голенченко Вера Александровна, канд. биол. наук, доц. и др.] _gпод редакцией проф. А.И. Глухова, чл.-кор. РАН Е.С. Северина _gФедеральное государственное автономное образовательное учреждение высшего образования Первый Московский государственный медицинский университет имени И.М. Сеченова Министерства здравоохранения Российской Федерации (Сеченовский университет) |
|
| 210 |
_aМосква _cГЭОТАР-Медиа _d2019 |
||
| 215 |
_a383 с. _cил., табл., цв. ил. _d26 |
||
| 300 | _aАвт. указаны на 3-й с. | ||
| 320 | _aПредм. указ.: с. 380-383 | ||
| 606 | 1 |
_aБиохимия _jУчебники для высших учебных заведений _2nlr_sh1 _2nlr_sh2 _3RU\NLR\AUTH\669511 |
|
| 686 | 1 | _aЕ072я73 | |
| 701 | 1 |
_aГлухов _bА. И. _cд-р биол. наук, биохимия _gАлександр Иванович _3RU\NLR\AUTH\770233454 |
|
| 701 | 1 |
_aСеверин _bЕ. С. _f1934- _gЕвгений Сергеевич _3RU\NLR\AUTH\770139743 |
|
| 701 | 1 |
_aГоленченко _bВ. А. _gВера Александровна _3RU\NLR\AUTH\770233478 _4070 |
|
| 712 | 0 | 2 |
_aМосковский государственный медицинский университет им. И. М. Сеченова _c1 _3RU\NLR\AUTH\8810170316 _4570 |
| 942 | _cBOOK | ||
| 980 | _aNBR | ||
| 980 | _aNB | ||